[Event "Borisoglebsk Bocharov Memorial"]
[Site "Borisoglebsk"]
[Date "2015.03.21"]
[Round "6"]
[White "Geranichev, Mikhail"]
[Black "Kovalenko, Vladimir"]
[Result "0-1"]
[WhiteElo "2095"]
[BlackElo "2160"]
[PlyCount "56"]
[EventDate "2015.03.19"]
[EventType "swiss"]
[EventRounds "9"]
[EventCountry "RUS"]
[SourceTitle "CBM 165 Extra"]
[Source "ChessBase"]
[SourceDate "2015.04.21"]
[SourceVersion "1"]
[SourceVersionDate "2015.04.21"]
[SourceQuality "1"]

1. d4 Nf6 2. Nf3 c5 3. g3 cxd4 4. Bg2 e5 5. 0-0 Nc6 6. c3 dxc3 7. Nxc3 Be7 8. Nd5 Nxd5 9. Qxd5 d6 10. e4 0-0 11. Be3 Be6 12. Qb5 h6 13. b4 Qb8 14. a3 a5 15. Bb6 Bd8 16. Bxd8 Rxd8 17. Nh4 Nd4 18. Qd3 b5 19. Qd1 Bc4 20. Qg4 Be2 21. f3 Bxf1 22. Rxf1 axb4 23. axb4 Ra4 24. Nf5 Nxf5 25. exf5 Qa7+ 26. Kh1 Qe7 27. Rd1 d5 28. Bf1 Rxb4 0-1

[Event "Borisoglebsk Summer op"]
[Site "Borisoglebsk"]
[Date "2014.06.09"]
[Round "7"]
[White "Kovalenko, Vladimir"]
[Black "Skvortsov, Grigory"]
[Result "1-0"]
[WhiteElo "2155"]
[BlackElo "1884"]
[PlyCount "49"]
[EventDate "2014.06.06"]
[EventType "swiss"]
[EventRounds "9"]
[EventCountry "RUS"]
[SourceTitle "EXT 2015"]
[Source "ChessBase"]
[SourceDate "2014.11.20"]
[SourceVersion "1"]
[SourceVersionDate "2014.11.20"]
[SourceQuality "1"]

1. d4 d5 2. c4 dxc4 3. Nf3 c5 4. e3 cxd4 5. exd4 e6 6. Bxc4 Nf6 7. 0-0 Be7 8. Qe2 0-0 9. Rd1 Nc6 10. Nc3 Nb4 11. Ne5 Qc7 12. Be3 Nc6 13. Nxc6 Qxc6 14. d5 exd5 15. Bxd5 Nxd5 16. Nxd5 Bd8 17. Rac1 Qg6 18. Bc5 Be6 19. Bxf8 Bxd5 20. Rxd5 Kxf8 21. Qd3 Qf6 22. Rd6 Qe7 23. g3 g6 24. Qd4 f6 25. Qd5 1-0

[Event "Borisoglebsk Summer op"]
[Site "Borisoglebsk"]
[Date "2014.06.07"]
[Round "3"]
[White "Kochukova, Anna"]
[Black "Kovalenko, Vladimir"]
[Result "0-1"]
[WhiteElo "1888"]
[BlackElo "2155"]
[PlyCount "88"]
[EventDate "2014.06.06"]
[EventType "swiss"]
[EventRounds "9"]
[EventCountry "RUS"]
[SourceTitle "EXT 2015"]
[Source "ChessBase"]
[SourceDate "2014.11.20"]
[SourceVersion "1"]
[SourceVersionDate "2014.11.20"]
[SourceQuality "1"]

1. e4 c5 2. c3 d5 3. exd5 Qxd5 4. d4 e6 5. Na3 Bd7 6. Nc4 cxd4 7. Qxd4 Nc6 8. Qd3 Nf6 9. Nf3 Be7 10. Bf4 Qxd3 11. Bxd3 Nd5 12. Nd6+ Bxd6 13. Bxd6 f6 14. Rd1 e5 15. 0-0 0-0-0 16. Be4 Nde7 17. h3 Be6 18. b3 h5 19. Rfe1 g5 20. Nh2 g4 21. h4 Nf5 22. Bc5 Kc7 23. g3 b6 24. Ba3 Nce7 25. Nf1 Nd5 26. Rd3 Nde7 27. Red1 Rxd3 28. Rxd3 Rd8 29. Nd2 Nd6 30. Bg2 f5 31. Re3 e4 32. Bf1 Nc6 33. Bb2 Nb7 34. Nc4 Rd1 35. Kg2 Bxc4 36. Bxc4 Ne5 37. Bf1 Rb1 38. Ba3 Nc5 39. Bxc5 bxc5 40. Re2 Nf3 41. b4 cxb4 42. cxb4 Rxb4 43. Rc2+ Kd6 44. Rc1 Rb2 0-1

[Event "Borisoglebsk Summer op"]
[Site "Borisoglebsk"]
[Date "2014.06.07"]
[Round "4"]
[White "Kovalenko, Vladimir"]
[Black "Pilkin, Evgenii"]
[Result "1-0"]
[WhiteElo "2155"]
[BlackElo "1992"]
[PlyCount "99"]
[EventDate "2014.06.06"]
[EventType "swiss"]
[EventRounds "9"]
[EventCountry "RUS"]
[SourceTitle "EXT 2015"]
[Source "ChessBase"]
[SourceDate "2014.11.20"]
[SourceVersion "1"]
[SourceVersionDate "2014.11.20"]
[SourceQuality "1"]

1. d4 e6 2. c4 b6 3. Nc3 Bb7 4. Nf3 f5 5. g3 Nf6 6. Bg2 Be7 7. 0-0 0-0 8. a3 Ne4 9. Qc2 Nxc3 10. Qxc3 Bf6 11. Qd2 Qe7 12. b3 d6 13. Ra2 Nd7 14. a4 a5 15. Ba3 Rfe8 16. e3 e5 17. dxe5 Nxe5 18. Nxe5 Bxg2 19. Kxg2 Qxe5 20. Rd1 Rad8 21. Qd5+ Qxd5+ 22. cxd5 Re4 23. Rc2 Rd7 24. Rdc1 Bd8 25. h4 Kf7 26. Kf3 Re5 27. Rd1 Bf6 28. Rc4 g6 29. b4 axb4 30. Bxb4 Re8 31. a5 bxa5 32. Bxa5 Rc8 33. Rdc1 Bd8 34. Rc6 h6 35. R1c4 Kf6 36. e4 fxe4+ 37. Rxe4 Ra8 38. Re6+ Kf7 39. Bd2 Ra3+ 40. Rc3 Rxc3+ 41. Bxc3 c5 42. h5 gxh5 43. Rxh6 Be7 44. Rxh5 Rb7 45. Rh7+ Ke8 46. Ke4 Rb3 47. Bd2 Rb2 48. Be3 Ra2 49. Kf5 Ra4 50. g4 1-0

[Event "Borisoglebsk Bocharov Memorial"]
[Site "Borisoglebsk"]
[Date "2014.03.17"]
[Round "9"]
[White "Titov, Sergey"]
[Black "Kovalenko, Vladimir"]
[Result "0-1"]
[WhiteElo "1988"]
[BlackElo "2145"]
[PlyCount "66"]
[EventDate "2014.03.13"]
[EventType "swiss"]
[EventRounds "9"]
[EventCountry "RUS"]
[SourceTitle "CBM 159 Extra"]
[Source "ChessBase"]
[SourceDate "2014.04.24"]
[SourceVersion "1"]
[SourceVersionDate "2014.04.24"]
[SourceQuality "1"]

1. d4 Nf6 2. Nf3 c5 3. d5 d6 4. c4 g6 5. Nc3 Bg7 6. g3 0-0 7. Bg2 Na6 8. 0-0 Nc7 9. h3 a6 10. a4 Bd7 11. Bg5 b5 12. axb5 axb5 13. Rxa8 Qxa8 14. b3 h6 15. Bf4 Qa6 16. Nd2 Ra8 17. Nce4 Nxe4 18. Nxe4 bxc4 19. Nxc5 dxc5 20. Bxc7 Rc8 21. Bf4 cxb3 22. Qxb3 c4 23. Qe3 Qf6 24. Qa7 Be8 25. e4 e5 26. Be3 Qd8 27. Rc1 Bf8 28. Qa6 c3 29. Bb6 Qd7 30. Ba5 c2 31. Bf1 Ba3 32. Bb5 Qxb5 33. Qxc8 Bxc1 0-1

[Event "Borisoglebsk Bocharov Memorial"]
[Site "Borisoglebsk"]
[Date "2014.03.14"]
[Round "3"]
[White "Orekhov, Boris"]
[Black "Kovalenko, Vladimir"]
[Result "0-1"]
[WhiteElo "1847"]
[BlackElo "2145"]
[PlyCount "77"]
[EventDate "2014.03.13"]
[EventType "swiss"]
[EventRounds "9"]
[EventCountry "RUS"]
[SourceTitle "CBM 159 Extra"]
[Source "ChessBase"]
[SourceDate "2014.04.24"]
[SourceVersion "1"]
[SourceVersionDate "2014.04.24"]
[SourceQuality "1"]

1. c4 c5 2. Nc3 Nc6 3. g3 g6 4. Bg2 Bg7 5. Nf3 e6 6. e4 Nge7 7. d3 0-0 8. Be3 Nd4 9. Qd2 Re8 10. 0-0 d6 11. Ne2 Nxe2+ 12. Qxe2 Nc6 13. Rab1 b6 14. Qd2 e5 15. Bh6 Bg4 16. h3 Bxf3 17. Bxf3 Nd4 18. Bg4 Bxh6 19. Qxh6 f5 20. exf5 gxf5 21. Bh5 Re6 22. Qe3 Qe7 23. Bf3 e4 24. dxe4 Rxe4 25. Rbe1 Qg7 26. Kh2 Kh8 27. Bg2 Kg8 28. Bxe4 fxe4 29. Qxe4 Rf8 30. Qe3 Rf7 31. Rd1 Rf8 32. Rd3 Rf3 33. Qxf3 Nxf3+ 34. Rxf3 Qxb2 35. Re3 Qxa2 36. Rfe1 Qa6 37. Kg2 Qa2 38. Rd3 d5 39. cxd5 0-1

[Event "Borisoglebsk Bocharov Memorial"]
[Site "Borisoglebsk"]
[Date "2014.03.13"]
[Round "2"]
[White "Bobro, Igor"]
[Black "Kovalenko, Vladimir"]
[Result "1/2-1/2"]
[WhiteElo "1869"]
[BlackElo "2145"]
[PlyCount "59"]
[EventDate "2014.03.13"]
[EventType "swiss"]
[EventRounds "9"]
[EventCountry "RUS"]
[SourceTitle "CBM 159 Extra"]
[Source "ChessBase"]
[SourceDate "2014.04.24"]
[SourceVersion "1"]
[SourceVersionDate "2014.04.24"]
[SourceQuality "1"]

1. d4 Nf6 2. c4 c5 3. e3 e6 4. Nc3 d5 5. Nf3 Nc6 6. a3 a6 7. dxc5 Bxc5 8. b4 Ba7 9. Bb2 0-0 10. Be2 dxc4 11. Bxc4 Qe7 12. Qc2 Bd7 13. Rc1 Rac8 14. Ba2 e5 15. Bb1 g6 16. 0-0 Bg4 17. Nd2 Rfd8 18. Nde4 Nxe4 19. Qxe4 Bf5 20. Qf3 Bxb1 21. Rxb1 Qe6 22. Rfd1 f5 23. Rxd8+ Rxd8 24. Rd1 Rxd1+ 25. Qxd1 Bb8 26. b5 axb5 27. Nxb5 Qe7 28. a4 Qe6 29. Ba3 e4 30. g3 1/2-1/2

[Event "Borisoglebsk Summer op"]
[Site "Borisoglebsk"]
[Date "2013.06.29"]
[Round "3"]
[White "Kovalenko, Vladimir"]
[Black "Bryakin, Mikhail"]
[Result "0-1"]
[WhiteElo "2137"]
[BlackElo "2164"]
[PlyCount "138"]
[EventDate "2013.06.28"]
[EventType "swiss"]
[EventRounds "7"]
[EventCountry "RUS"]
[SourceTitle "EXT 2014"]
[Source "ChessBase"]
[SourceDate "2013.11.20"]
[SourceVersion "1"]
[SourceVersionDate "2013.11.20"]
[SourceQuality "1"]

1. d4 Nf6 2. Nf3 e6 3. Bg5 Be7 4. Nbd2 d5 5. e3 0-0 6. Bd3 c5 7. c3 b6 8. Ne5 Bb7 9. 0-0 Nfd7 10. Bf4 f5 11. f3 Nxe5 12. Bxe5 Nd7 13. Bg3 Bg5 14. Qe2 Re8 15. Bb5 a6 16. Bxd7 Qxd7 17. Be5 Bc6 18. Rfe1 Bf6 19. Bxf6 gxf6 20. Qf2 e5 21. f4 e4 22. Qh4 Qf7 23. Nf1 Bd7 24. Ng3 Rad8 25. Rad1 c4 26. Nh5 Rf8 27. Ng3 Kh8 28. Qh5 Qe6 29. Rb1 Rg8 30. Qe2 Rg4 31. Rf1 Qe7 32. Rf2 b5 33. Qd2 a5 34. a3 Be6 35. Qd1 Qd7 36. a4 b4 37. cxb4 axb4 38. Ra1 Ra8 39. a5 Rgg8 40. Rf1 Ra6 41. Qa4 Rb8 42. Qd1 Rb5 43. Qe1 Qd6 44. Nh5 Rbxa5 45. Rxa5 Rxa5 46. Qh4 Qe7 47. h3 Ra2 48. Rb1 Bd7 49. Kh2 Be8 50. Ng3 Bg6 51. Nf1 Kg7 52. Kg1 Qa7 53. g4 Ra1 54. Rxa1 Qxa1 55. g5 Qa6 56. Qe1 Qb6 57. Qa1 Qc7 58. gxf6+ Kxf6 59. Qa6+ Kg7 60. Qa4 c3 61. bxc3 bxc3 62. Qc2 Qc4 63. Qb1 c2 64. Qb7+ Bf7 65. Qe7 Qc7 66. Qe5+ Kg6 67. h4 h5 68. Qe7 c1Q 69. Qg5+ Kh7 0-1

[Event "Borisoglebsk Bocharov Memorial 9th"]
[Site "Borisoglebsk"]
[Date "2009.03.17"]
[Round "9"]
[White "Kovalenko, Vladimir"]
[Black "Kornilov, Peter"]
[Result "1/2-1/2"]
[WhiteElo "2198"]
[BlackElo "2114"]
[PlyCount "82"]
[EventDate "2009.03.12"]
[EventType "swiss"]
[EventRounds "9"]
[EventCountry "RUS"]
[SourceTitle "EXT 2010"]
[Source "ChessBase"]
[SourceDate "2010.11.25"]
[SourceVersion "1"]
[SourceVersionDate "2010.11.25"]
[SourceQuality "1"]

1. d4 Nf6 2. Nf3 e6 3. e3 b6 4. Nbd2 Bb7 5. Bd3 c5 6. 0-0 Be7 7. Qe2 cxd4 8. exd4 0-0 9. b3 Nc6 10. a3 Rc8 11. Bb2 d5 12. Ne5 Nxe5 13. dxe5 Nd7 14. b4 Rc7 15. Nb3 Nb8 16. f4 g6 17. Rac1 Qd7 18. h3 Rfc8 19. g4 a5 20. b5 d4 21. Kh2 Bd5 22. Nd2 a4 23. Qf2 Qd8 24. Bxd4 Nd7 25. Bb2 Nc5 26. Qe2 Nxd3 27. Qxd3 Rd7 28. Qe2 Bb3 29. Ne4 Bc4 30. Qf3 Bxf1 31. Qxf1 Rcc7 32. c4 Rd3 33. Qe2 Qf8 34. g5 Rd8 35. Rc3 Kh8 36. Bc1 Bc5 37. Qc2 Ra8 38. Rg3 Qd8 39. h4 h5 40. gxh6 Qxh4+ 41. Kg2 Rd8 1/2-1/2

[Event "Borisoglebsk Bocharov Memorial 8th"]
[Site "Borisoglebsk"]
[Date "2008.02.??"]
[Round "6"]
[White "Kovalenko, Vladimir"]
[Black "Korovin, Viktor"]
[Result "1-0"]
[WhiteElo "2124"]
[BlackElo "2082"]
[PlyCount "43"]
[EventDate "2008.02.??"]
[EventType "swiss"]
[EventRounds "9"]
[EventCountry "RUS"]
[SourceTitle "EXT 2010"]
[Source "ChessBase"]
[SourceDate "2010.11.25"]
[SourceVersion "1"]
[SourceVersionDate "2010.11.25"]
[SourceQuality "1"]

1. e4 c5 2. Nf3 d6 3. d4 cxd4 4. Nxd4 Nf6 5. Nc3 Nc6 6. Be2 Bd7 7. Nb3 a6 8. a4 e6 9. a5 Be7 10. Be3 0-0 11. 0-0 Ne8 12. Na4 Bf6 13. c3 Qe7 14. f4 g5 15. e5 Bg7 16. exd6 Qf6 17. fxg5 Qe5 18. Bf4 Qd5 19. Qxd5 exd5 20. Nb6 Rd8 21. Nc5 Ne5 22. Bxe5 1-0

[Event "Borisoglebsk Bocharov Memorial 8th"]
[Site "Borisoglebsk"]
[Date "2008.02.??"]
[Round "3"]
[White "Kovalenko, Vladimir"]
[Black "Lukovnikov, Alexander"]
[Result "1/2-1/2"]
[WhiteElo "2124"]
[BlackElo "2342"]
[PlyCount "81"]
[EventDate "2008.02.??"]
[EventType "swiss"]
[EventRounds "9"]
[EventCountry "RUS"]
[SourceTitle "EXT 2010"]
[Source "ChessBase"]
[SourceDate "2010.11.25"]
[SourceVersion "1"]
[SourceVersionDate "2010.11.25"]
[SourceQuality "1"]

1. d4 f5 2. c4 Nf6 3. g3 g6 4. Bg2 Bg7 5. Nh3 d6 6. 0-0 c6 7. b3 0-0 8. Bb2 e5 9. dxe5 Ng4 10. Nd2 dxe5 11. Qc2 c5 12. Rad1 Qc7 13. Nb1 Nc6 14. e3 Nb4 15. Qe2 Nxa2 16. Bxe5 Bxe5 17. Qxa2 g5 18. Qe2 Bf6 19. Kh1 Re8 20. Qf3 Ne5 21. Qd5+ Nf7 22. Qd2 Be6 23. Nc3 Rad8 24. Nd5 Bxd5 25. cxd5 Nd6 26. Qc2 b6 27. Rfe1 Kh8 28. f3 Qg7 29. Nf2 Re7 30. Bh3 Rde8 31. Bxf5 Rxe3 32. Rxe3 Rxe3 33. Bd3 Bd4 34. Ne4 Qe5 35. Nxd6 Qxd6 36. Be4 Qe5 37. d6 Qxd6 38. b4 Qe5 39. bxc5 bxc5 40. Qb1 Qe7 41. Qb5 1/2-1/2

[Event "Kiev Independence Cup 1st"]
[Site "Kiev"]
[Date "2001.08.18"]
[Round "?"]
[White "Kovalenko, Vladimir"]
[Black "Butsenko, Igor"]
[Result "1-0"]
[WhiteElo "2273"]
[BlackElo "2304"]
[PlyCount "82"]
[EventDate "2001.08.??"]
[EventType "swiss"]
[EventRounds "11"]
[EventCountry "UKR"]
[SourceTitle "EXT 2003"]
[Source "ChessBase"]
[SourceDate "2002.11.25"]
[SourceVersion "1"]
[SourceVersionDate "2002.11.25"]
[SourceQuality "1"]

1. Nf3 d5 2. g3 c5 3. Bg2 Nf6 4. 0-0 Nc6 5. c4 e5 6. Qa4 Bd7 7. cxd5 Nxd5 8. Nxe5 Nxe5 9. Qe4 Bd6 10. Qxd5 Bc6 11. Qb3 Bxg2 12. Kxg2 Qd7 13. Nc3 h5 14. Qb5 Nc6 15. h4 0-0-0 16. d3 Qg4 17. Ne4 Qxe2 18. Bg5 f6 19. Nxd6+ Rxd6 20. Qxc5 Qxd3 21. Bf4 Rd5 22. Qe3 Qxe3 23. Bxe3 Rhd8 24. Rfc1 Kd7 25. Rc3 Ke6 26. Rb3 R8d7 27. Rc1 Rd3 28. Rb5 R3d5 29. Rxd5 Rxd5 30. Rc4 Rb5 31. b3 Rd5 32. Bf4 Rd4 33. Rc2 Rd3 34. Re2+ Kd7 35. Re4 Kd8 36. Be3 Kd7 37. g4 g6 38. gxh5 gxh5 39. Kf3 Rd5 40. Kf4 a6 41. Bb6 Ne7 1-0

[Event "Kurass Memorial op 01st"]
[Site "Kiev"]
[Date "2000.??.??"]
[Round "5"]
[White "Khaskelman, Evgeny"]
[Black "Kovalenko, Vladimir"]
[Result "1-0"]
[WhiteElo "2152"]
[BlackElo "2273"]
[PlyCount "69"]
[EventDate "2000.06.23"]
[EventType "swiss"]
[EventRounds "9"]
[EventCountry "UKR"]
[SourceTitle "EXT 2001"]
[Source "ChessBase"]
[SourceDate "2000.11.22"]
[SourceVersion "1"]
[SourceVersionDate "2000.11.22"]
[SourceQuality "1"]

1. e4 d6 2. d4 Nf6 3. Nc3 g6 4. f4 c5 5. dxc5 Qa5 6. cxd6 Nxe4 7. dxe7 Bxe7 8. Qd4 Nf6 9. Qa4+ Qxa4 10. Nxa4 Bf5 11. Bd3 Bxd3 12. cxd3 Nc6 13. Be3 0-0-0 14. Nf3 Rxd3 15. Ke2 Rhd8 16. Rac1 Kb8 17. Nc5 R3d5 18. Na6+ Kc8 19. Ne5 Ra5 20. Nxc6 bxc6 21. Rxc6+ Kd7 22. Rc7+ Ke8 23. Rxa7 Kf8 24. Bb6 Rxa2 25. Bxd8 Rxb2+ 26. Kd3 Bxd8 27. Ra8 Ke7 28. Re1+ Kd7 29. Kc3 Rb5 30. Kc4 Rd5 31. Nc5+ Kc6 32. Rc8+ Bc7 33. Na6 Rd7 34. Rxc7+ Rxc7 35. Nxc7 1-0